000 00311nam a22001337a 4500
008 181022b xxu||||| |||| 00| 0 eng d
020 _a008029409-X
041 _aeng
080 _a159.9
100 _a48
101 _aPSI
245 _aResearch Methods in Clinical Psychology
_cBellack,A.S
942 _2udc
_cBK
999 _c50412
_d50412